000
003150000a22001330004500
003
MACL
040
_a
MACL
090
_c
33563
_d
33561
100
_a
Ramalho, Jose A
245
_a
Learn Advanced HTML 4.0 With DhtMl
260
_b
BP B Publications
_c
2000
650
_a
Computer probraming
942
_c
BOOK
_k
005.133/Ram
999
_c
33212
_d
33212